Riešenie protierózivnej ochrany v dokumentáciách pozemkových úprav

Bibliographic Details
Main Author: Halmo, Pavel (Author)
Format: Article
Language:Slovak
Subjects:

MARC

LEADER 00000nab a2200000 a 4500
001 vtls000348909
003 SK-MaSNL
005 20260302223002.0
008 111202c1988 xo 0 slo
015 |a SNBRA19rr/mm-uuuuu 
035 |a CL0349031 
040 |a SNKBUCL  |b slo  |c SNKBUCL  |e AACR2 
041 0 |a slo 
044 |a xo  |c SK 
080 |a 631.459:712.2  |2 1981 
080 |a 712.2  |2 1981 
080 |a 631.459  |2 1981 
100 1 |a Halmo, Pavel  |4 aut  |9 927917 
245 1 0 |a Riešenie protierózivnej ochrany v dokumentáciách pozemkových úprav  |c Pavel Halmo 
650 0 7 |a pôdna erózia  |2 snkbucl  |9 55316 
650 0 7 |a poľnohospodárska pôda  |2 snkbucl  |9 31794 
655 7 |a články zo zborníkov  |2 snkbucl  |9 166140 
773 0 |t Pozemkové úpravy v špecifických podmienkach  |d Banská Bystrica : Dom techniky ČSVTS, 1988 
850 |a Slovenská národná knižnica v Martine  |a MTA001 
852 |a SNK  |b KIS3GCP 
958 |a RK 
992 |a RZB 
999 |c 1518821  |d 1520751